Vista normal
Vista MARC
Entrada Materia (tema)
Número de registros utilizados en: 1
001 - CONTROL NUMBER
- control field: 188722
003 - CONTROL NUMBER IDENTIFIER
- control field: Co-BoUCM
005 - DATE AND TIME OF LATEST TRANSACTION
- control field: 20260422101402.0
008 - FIXED-LENGTH DATA ELEMENTS
- fixed length control field: 260422|| aca||aabn | a|a d
040 ## - CATALOGING SOURCE
- Original cataloging agency: Co-BoUCM
- Transcribing agency: Co-BoUCM
150 ## - HEADING--TOPICAL TERM
- Topical term or geographic name as entry element: Estética japonesa
670 ## - SOURCE DATA FOUND
- Source citation: Work cat.: (Co-BoUCM)326276: Yanagi, Soetsu, 889-1961 188721, El artesano anónimo : $b una visión japonesa de la belleza /, 2025